Statistics for Five Letter Countries

Click here to take the quiz!

General Stats

  • This quiz has been taken 460 times
  • The average score is 17 of 26

Answer Stats

Country% Correct
China
81%
Japan
80%
Italy
78%
Spain
77%
India
74%
Chile
73%
Yemen
72%
Ghana
70%
Egypt
68%
Libya
68%
Qatar
66%
Tonga
66%
Benin
64%
Haiti
64%
Kenya
64%
Nepal
64%
Palau
63%
Malta
62%
Samoa
61%
Nauru
60%
Syria
60%
Niger
59%
Sudan
59%
Gabon
58%
Congo
41%
Burma (Myanmar)
29%

Score Distribution

Percentile by Number Answered

Percent of People with Each Score

Your Score History

You have not taken this quiz